=LDR 00000nam 2200000 4500 =001 INLIS000000000015488 =005 20130612110751 =008 ***********************************Indo, Inggris** =035 ##$$0010-061300000015488 =041 ##$$a Indo, Inggris =082 ##$$a R.603 =090 ##$$a R.603, Joh =100 ##$$a Johannes, H =245 ##$$a Kamus Istilah Tekhnologi, Inggris-Indonesia,Indonesia-Inggris, Prof.Dr.Ir.H.Johannes =260 ##$$a 1981 $b Jakarta =300 ##$$a iii 406 hlm, 21 cm =650 ##$$a Ilmu =850 ##$$a NBPNMAT